Estadísticas para River Plate, Plantel Campeon De La Copa Libertadores 2018

Haz click aquí para intentar la prueba.

Estadísticas generales

  • Esta prueba ha sido intentada 111 veces
  • La puntuación promedio es 24 de 37

Estadísticas de respuestas

POSNombres% Correcto
ARQFranco Armani
99%
DEFJonatan Maidana
94%
VOLJuan Fernando Quintero
94%
DELJulian Alvarez
92%
DEFGonzalo Montiel
91%
DELLucas Pratto
91%
DTMarcelo Gallardo
91%
DEFJavier Pinola
87%
DEFNahuel Gallardo
87%
ARQGerman Lux
86%
VOLGonzalo Martinez
86%
VOLEnzo Perez
85%
VOLLeonardo Ponzio
83%
DELRafael Santos Borre
83%
DEFMilton Casco
79%
VOLExequiel Palacios
78%
VOLIgnacio Fernandez
76%
DELIgnacio Scocco
74%
VOLNicolas De La Cruz
74%
DEFCamilo Mayada
73%
DEFLucas Martinez Quarta
73%
ARQEnrique Bologna
71%
DELRodrigo Mora
65%
VOLBruno Zuculini
64%
DEFMarcelo Saracchi
55%
ARQEzequiel Centurion
54%
VOLAriel Rojas
46%
DEFJorge Moreira
45%
VOLSantiago Sosa
42%
VOLCarlos Auzqui
32%
VOLCristian Ferreira
29%
DEFLuciano Lollo
27%
VOLIvan Rossi
26%
DELMarcelo Larrondo
24%
VOLBenjamin Rollheiser
22%
DEFDavid Martinez
22%
DEFKevin Sibille
22%

Distribución de puntuación

Porcentaje por número respondido

Porcentaje de gente con cada puntuación

Historial de tus puntuaciones

No has intentado esta prueba.